| 000 | 00332 a2200121 4500 | ||
|---|---|---|---|
| 003 | Nust | ||
| 005 | 20170207154601.0 | ||
| 040 | _cNust | ||
| 082 | _a025.34 | ||
| 245 | _aGetting on in english lessons : Units : 23-29, side 1: units: 30-33, side 2 | ||
| 505 | _aAlmirah No.73 shelf No.6 | ||
| 650 | _aEnglish learning | ||
| 651 | _aGetting on in english lessons | ||
| 999 |
_c198593 _d198593 |
||